Progress in clinical pathology. Vol. 6, Editor Mario Stefanini ; consulting editor Henry D. Isenberg. (Record no. 2935)

000 -LEADER
fixed length control field 00685nam a22002177a 4500
003 - CONTROL NUMBER IDENTIFIER
control field OSt
005 - DATE AND TIME OF LATEST TRANSACTION
control field 20210727075144.0
008 - FIXED-LENGTH DATA ELEMENTS--GENERAL INFORMATION
fixed length control field 210727b ||||| |||| 00| 0 eng d
020 ## - INTERNATIONAL STANDARD BOOK NUMBER
International Standard Book Number 0808908944
040 ## - CATALOGING SOURCE
Transcribing agency ALUPE UNIVERSITY
050 ## - LIBRARY OF CONGRESS CALL NUMBER
Classification number RC627
Item number .I56 1975
100 ## - MAIN ENTRY--PERSONAL NAME
Personal name Mario Stefanini
245 ## - TITLE STATEMENT
Title Progress in clinical pathology. Vol. 6, Editor Mario Stefanini ; consulting editor Henry D. Isenberg.
250 ## - EDITION STATEMENT
Edition statement Vol. 6,
260 ## - PUBLICATION, DISTRIBUTION, ETC.
Place of publication, distribution, etc. New York ; London :
Name of publisher, distributor, etc. Grune and Stratton,
Date of publication, distribution, etc. 1975.
300 ## - PHYSICAL DESCRIPTION
Extent x, 340 pages :forms ;
Other physical details illustrations,
Dimensions 27 cm
500 ## - GENERAL NOTE
General note index included;
650 ## - SUBJECT ADDED ENTRY--TOPICAL TERM
Topical term or geographic name entry element Pathology -- Periodicals.
700 ## - ADDED ENTRY--PERSONAL NAME
Personal name Henry D Isenberg;
942 ## - ADDED ENTRY ELEMENTS (KOHA)
Source of classification or shelving scheme
Koha item type Book
Suppress in OPAC PW
Holdings
Withdrawn status Lost status Source of classification or shelving scheme Damaged status Not for loan Permanent Location Current Location Shelving location Date acquired Source of acquisition Total Checkouts Full call number Barcode Date last seen Price effective from Koha item type Public note
          AU LIBRARY AU LIBRARY Open Shelf 27.07.2021 DONATION FROM MOI UNIVERSITY   RC627 .I56 1975 28002438 27.07.2021 27.07.2021 Book PW

Powered by Koha